书目信息 |
| 题名: |
刺绣之旅
|
|
| 作者: | 李友友 , 张静娟 著 | |
| 分册: | ||
| 出版信息: | 北京 中国旅游出版社 2007 |
|
| 页数: | 168页 | |
| 开本: | 21cm | |
| 丛书名: | 中国民间文化遗产旅游丛书 | |
| 单 册: | ||
| 中图分类: | J523.6 | |
| 科图分类: | ||
| 主题词: | 刺绣--工艺美术--中国 , 刺绣 , 工艺美术 | |
| 电子资源: | ||
| ISBN: | 978-7-5032-3097-4 | |
| 000 | 00883oam2 2200289 450 | |
| 001 | 003523158 | |
| 005 | 20091207100257.45 | |
| 010 | @a978-7-5032-3097-4@dCNY32.00 | |
| 100 | @a20070327d2007 em y0chiy0110 ea | |
| 101 | 0 | @achi |
| 102 | @aCN@b110000 | |
| 105 | @aa z 000yy | |
| 106 | @ar | |
| 200 | 1 | @a刺绣之旅@9ci xiu zhi lv@f李友友,张静娟著 |
| 210 | @a北京@c中国旅游出版社@d2007 | |
| 215 | @a168页@c彩图,彩照@d21cm | |
| 225 | 2 | @a中国民间文化遗产旅游丛书 |
| 330 | @a本书详细介绍了中国刺绣艺术的历史、刺绣工艺中最著名的四大名绣以及各个地区最具特色的刺绣品。 | |
| 461 | 0 | @12001 @a中国民间文化遗产旅游丛书 |
| 606 | 0 | @a刺绣@x工艺美术@y中国 |
| 606 | 0 | @a刺绣 |
| 606 | 0 | @a工艺美术 |
| 690 | @aJ523.6@v4 | |
| 701 | 0 | @a李友友@9li you you@4著 |
| 701 | 0 | @a张静娟@9zhang jing juan@c(女)@4著 |
| 801 | 0 | @aCN@bNLC@c20091207 |
| 905 | @b20796910-12@dJ523.6@e291@f3 | |
| 刺绣之旅/李友友,张静娟著.-北京:中国旅游出版社,2007 |
| 168页:彩图,彩照;21cm.-(中国民间文化遗产旅游丛书) |
| ISBN 978-7-5032-3097-4:CNY32.00 |
| 本书详细介绍了中国刺绣艺术的历史、刺绣工艺中最著名的四大名绣以及各个地区最具特色的刺绣品。 |
| ● |
| 相关链接 |
|
|
|
|
正题名:刺绣之旅
索取号:J523.6/291
 
预约/预借
| 序号 | 登录号 | 条形码 | 馆藏地/架位号 | 状态 | 备注 |
| 1 | 796910 | 207969108 | 第一样本阅览室/ [索取号:J523.6/291] | 在馆 | |
| 2 | 796911 | 207969117 | 第一借阅区/ [索取号:J523.6/291] | 在馆 | |
| 3 | 796912 | 207969126 | 第一借阅区/ [索取号:J523.6/291] | 在馆 |